| 000 | 00549nam a2200181 a 4500 | ||
|---|---|---|---|
| 001 | 000040159 | ||
| 005 | 20201002033944.0 | ||
| 008 | 130812s1964 ag 000 0 spa d | ||
| 040 |
_aDO-SdBNP _bspa _cBNPHU |
||
| 082 | _axxx | ||
| 245 | 0 | 3 |
_aLa guerra fría / _ccompilación Evan Luard ; traducción Jean Puglisi. |
| 260 |
_aArgentina : _bTroquel, _c1964. |
||
| 300 |
_a288 p. ; _c23 cm. |
||
| 534 |
_pTítulo original: _tThe cold war |
||
| 700 | 1 |
_aBeloff, Max _966431 |
|
| 700 | 1 |
_aEvan Luard, _ecomp. _966432 |
|
| 700 | 1 |
_aPuglisi, Jean, _etr. _966424 |
|
| 999 |
_c39649 _d39649 |
||